| 000 | 01387cam a22003255a 4500 | ||
|---|---|---|---|
| 003 | EG-ScBUE | ||
| 005 | 20211118113244.0 | ||
| 008 | 090729s1998 ua a f 000 1 ara d | ||
| 017 | _a98 / 7985 | ||
| 020 | _a9770157171 | ||
| 040 |
_aEG-ScBUE _bara _erda _cEG-ScBUE _dEG-ScBUE |
||
| 082 | 0 | 4 |
_a823.8 _bهـ ا ج _222 |
| 100 | 1 |
_aهاجارد، هـ. رايدر، _d1856-1925، _eمؤلف. _98267 |
|
| 245 | 1 | 0 |
_aهي أو عائشة/ _cتأليف هنري رايدر هاجارد ؛ ترجمة صلاح عز الدين ؛ مراجعة مختار السويفي. |
| 264 | 1 |
_aالقاهرة : _bالهيئة المصرية العامة للكتاب، _c1998. |
|
| 300 |
_a236 صفحة : _bإيضاحيات ؛ _c15 سم. |
||
| 336 |
_2rdacontent _aنص _btxt |
||
| 337 |
_2rdamedia _aبدون وسيط _bn |
||
| 338 |
_2rdacarrier _aمجلد _bnc |
||
| 490 | 0 |
_aالأدب العالمي للناشئين. _aمكتبة الأسرة |
|
| 546 | _aالنص باللغة العربية وتم ترجمته من اللغة الإنجليزية. | ||
| 590 | _adoaa mohamed | ||
| 650 | 7 |
_98223 _aالقصص الإنجليزية _yقرن 19. _2BUEsh |
|
| 651 | _2BUEsh | ||
| 653 |
_bHHUUEENN _cAugust2015 |
||
| 655 |
_vReading book _934232 |
||
| 700 | 1 |
_aالسويفي، مختار، _eمراجع. _926969 |
|
| 700 | 1 |
_aعز الدين، صلاح، _eمترجم. _926970 |
|
| 942 |
_2ddc _cBB |
||
| 999 |
_c12465 _d12465 |
||